[Event "GER-chT U16 Girls"]
[Site "Magdeburg"]
[Date "2023.12.27"]
[Round "1.4"]
[White "Fettan, Nua"]
[Black "Wartenberg, Alissa"]
[Result "0-1"]
[WhiteElo "1267"]
[BlackElo "1721"]
[PlyCount "50"]
[EventDate "2023.12.26"]
[EventType "team-swiss"]
[EventRounds "7"]
[EventCountry "GER"]
[SourceTitle "CB03_2024"]
[SourceDate "2024.01.17"]
[SourceVersion "1"]
[SourceVersionDate "2024.01.17"]
[SourceQuality "1"]
[WhiteTeam "Hamburger SK II"]
[BlackTeam "Hamburger SK"]
[WhiteTeamCountry "GER"]
[BlackTeamCountry "GER"]

1. e4 e5 2. Nf3 Nc6 3. d4 exd4 4. Nxd4 Qf6 5. Be3 Bc5 6. c3 Nge7 7. Bc4 b6 8. a3 a5 9. 0-0 Bb7 10. Nb5 Rc8 11. Bxc5 bxc5 12. f4 Ng6 13. Nd2 0-0 14. e5 Qh4 15. g3 Qh3 16. Nf3 Nce7 17. Qe2 Nf5 18. Rf2 Nxg3 19. hxg3 Qxg3+ 20. Kf1 Nxf4 21. Qe3 h5 22. Re1 Nh3 23. Rh2 Bxf3 24. Rd2 Nf4 25. Rf2 Bg2+ 0-1

[Event "GER-ch U12 Girls"]
[Site "Willingen"]
[Date "2023.06.01"]
[Round "7"]
[White "Ali, Maha"]
[Black "Fettan, Nua"]
[Result "1/2-1/2"]
[WhiteElo "1403"]
[BlackElo "1234"]
[PlyCount "105"]
[EventDate "2023.05.27"]
[EventType "swiss"]
[EventRounds "9"]
[EventCountry "GER"]
[SourceTitle "CBM 214 Extra"]
[Source "ChessBase"]
[SourceDate "2023.07.31"]
[SourceVersion "1"]
[SourceVersionDate "2023.07.31"]
[SourceQuality "1"]

1. d4 d5 2. c4 e6 3. Nc3 c6 4. e3 Nf6 5. Nf3 Bd6 6. Be2 0-0 7. b3 Nbd7 8. 0-0 Re8 9. Bb2 e5 10. dxe5 Nxe5 11. cxd5 Nxf3+ 12. Bxf3 cxd5 13. Nxd5 Be5 14. Bxe5 Rxe5 15. Nf4 Qb6 16. Qd4 Qxd4 17. exd4 Rb5 18. Rfe1 Bf5 19. Re5 Rxe5 20. dxe5 Nd7 21. Re1 Rc8 22. g4 Rc3 23. gxf5 Rxf3 24. e6 fxe6 25. fxe6 Nf6 26. Ne2 Kf8 27. Kg2 Rd3 28. Nf4 Rd6 29. Kg3 Ke7 30. Rc1 Rc6 31. Rxc6 bxc6 32. h4 g6 33. f3 Nd5 34. Kg4 Nxf4 35. Kxf4 Kxe6 36. Kg5 Kf7 37. Kh6 Kg8 38. h5 gxh5 39. Kxh5 Kg7 40. f4 c5 41. f5 Kf6 42. Kh6 Kxf5 43. Kxh7 Ke5 44. Kg6 a5 45. Kf7 Kd5 46. Kf6 c4 47. bxc4+ Kxc4 48. Ke5 a4 49. a3 Kb3 50. Kd4 Kxa3 51. Kc3 Ka2 52. Kc2 a3 53. Kc1 1/2-1/2

[Event "GER-ch U12 Girls"]
[Site "Willingen"]
[Date "2023.05.30"]
[Round "4"]
[White "Eitel, Liz"]
[Black "Fettan, Nua"]
[Result "0-1"]
[WhiteElo "971"]
[BlackElo "1234"]
[PlyCount "96"]
[EventDate "2023.05.27"]
[EventType "swiss"]
[EventRounds "9"]
[EventCountry "GER"]
[SourceTitle "CBM 214 Extra"]
[Source "ChessBase"]
[SourceDate "2023.07.31"]
[SourceVersion "1"]
[SourceVersionDate "2023.07.31"]
[SourceQuality "1"]

1. e4 e5 2. Nc3 Nf6 3. f4 Nc6 4. fxe5 Nxe5 5. d4 Nc6 6. e5 Ng8 7. Nf3 d5 8. Be3 Bb4 9. Be2 f6 10. exf6 Nxf6 11. Ne5 Qe7 12. Bf4 Ne4 13. Qd3 0-0 14. Nxc6 bxc6 15. 0-0 Bf5 16. Nxe4 Bxe4 17. Qb3 Rab8 18. Qa4 Bxg2 19. Rf2 Bh3 20. Qb3 Be1 21. Qxh3 Bxf2+ 22. Kxf2 Rxf4+ 23. Bf3 Qh4+ 24. Qxh4 Rxh4 25. Ke3 Re8+ 26. Kd3 Rh3 27. Rf1 g5 28. Kd2 Rxh2+ 29. Kc1 Rf8 30. b3 g4 31. Kd1 gxf3 32. Ke1 Re8+ 33. Kd1 f2 34. Kd2 Rg2 35. Kd3 Re1 36. Rxf2 Rxf2 37. Kc3 h5 38. Kb4 Rxc2 39. a4 h4 40. Ka5 h3 41. Ka6 h2 42. Kxa7 h1Q 43. a5 Qg1 44. Kb7 Qxd4 45. a6 Ra2 46. Kxc7 Qa7+ 47. Kd6 Rxa6 48. b4 Qe7# 0-1

[Event "GER-ch U12 Girls"]
[Site "Willingen"]
[Date "2023.05.28"]
[Round "1"]
[White "Fettan, Nua"]
[Black "Rafikova, Ailin"]
[Result "1/2-1/2"]
[WhiteElo "1234"]
[BlackElo "1238"]
[PlyCount "87"]
[EventDate "2023.05.27"]
[EventType "swiss"]
[EventRounds "9"]
[EventCountry "GER"]
[SourceTitle "CBM 214 Extra"]
[Source "ChessBase"]
[SourceDate "2023.07.31"]
[SourceVersion "1"]
[SourceVersionDate "2023.07.31"]
[SourceQuality "1"]

1. e4 c6 2. Nc3 d5 3. d3 d4 4. Nce2 c5 5. c3 dxc3 6. Nxc3 Nc6 7. f4 e5 8. Nf3 Bg4 9. Be2 exf4 10. Bxf4 Bd6 11. Be3 Nge7 12. 0-0 Ng6 13. h3 Bxf3 14. Bxf3 0-0 15. Rc1 Bf4 16. Qe1 Qxd3 17. Bxf4 Nxf4 18. e5 Qd4+ 19. Kh1 Nd3 20. Nb5 Qd8 21. Qc3 Nxc1 22. Qxc1 Qb6 23. Bxc6 Qxc6 24. Nd6 f6 25. Qc4+ Kh8 26. Nf7+ Rxf7 27. Qxf7 Qb5 28. Rf2 Qe8 29. Qxe8+ Rxe8 30. exf6 gxf6 31. Kh2 Kg7 32. Rd2 Re7 33. Kg3 Kg6 34. Kf4 b6 35. g4 Rc7 36. h4 Re7 37. h5+ Kf7 38. b3 h6 39. Rd5 Re6 40. Kf5 Re7 41. Rd6 Re5+ 42. Kf4 Re6 43. Rd7+ Re7 44. Rd6 1/2-1/2